Normal view
MARC view
- Napoleón
Entry Nombre Personal
001 - NUMERO DE CONTROL
- campo de control: 13104
003 - IDENTIFICADOR DE NUMERO DE CONTROL
- campo de control: UPN
005 - FECHA Y HORA DE LA ÜLTIMA TRANSACCIÓN
- campo de control: 20220905201650.0
008 - DATOS DE LONGITUD FIJA
- campo de control de longitud fija: 220905nn acannaabn n ana d
035 ## - NUMERO DE CONTROL
- Número de control: UPN10000013112
040 ## - FUENTE DE CATALOGACIÓN
- Lenguaje de catalogación: SPA
- Agencia de transcripción: UPN
- Agencia original de catalogación: UPN
053 #4 - NÚMERO DE CLASIFICACIÓN LC
- Número de clasificación elemento-número único o número inicial de tramo: DC203
100 0# - ENCABEZAMIENTO - NOMBRE PERSONAL
- Nombre personal: Napoleón
- Numeración: I,
- Títulos u otras palabras asociadas al nombre: Emperador de Francia,
- Fechas asociadas con el nombre: 1769-1821
400 1# - VEÁSE - NOMBRE DE PERSONA
- Personal name: Bonaparte, Napoleón,
- Dates associated with a name: 1769-1821
670 ## - FUENTE EN LA QUE SE LOCALIZARON DATOS
- Cita de la fuente: E
680 ## - NOTA PUBLICA DE ACCESO PÚBLICO
- Frase explicativa de la referencia: Militar y estadista francés
902 ## - CATALOGADOR
- Catalogador: JMG/020597
